| 000 | 01331cam a2200373 i 4500 | ||
|---|---|---|---|
| 001 | 22966694 | ||
| 003 | 0 | ||
| 005 | 20251113104451.0 | ||
| 008 | 230210s2021 cr a b 000 0 spa | ||
| 010 | _a 2022456362 | ||
| 020 | _a9789930580677 | ||
| 020 | _a9930580670 | ||
| 035 | _a22966694 | ||
| 035 | _a(OCoLC)1367362125 | ||
| 040 |
_aDLC _beng _erda _cDLC |
||
| 042 | _apcc | ||
| 050 | 0 | 0 |
_aF1547 _b.M57 2021 |
| 100 | 1 |
_aMolina Jiménez, Iván, _eauthor. |
|
| 245 | 1 | 0 |
_aCortar una espiga más : _bestudios sobre Costa Rica en la época de la independencia / _cIván Molina Jiménez. |
| 250 | _aPrimera edición | ||
| 264 | 1 |
_aSan José, Costa Rica : _bEditorial Costa Rica, _c2021. |
|
| 300 |
_axix, 233 pages : _billustrations ; _c25 cm. |
||
| 336 |
_atext _btxt _2rdacontent |
||
| 337 |
_aunmediated _bn _2rdamedia |
||
| 338 |
_avolume _bnc _2rdacarrier |
||
| 490 | 0 |
_aColección Nueva biblioteca patria ; _vvolumen no. 14 |
|
| 490 | 0 | _a200 colección bicentenario | |
| 504 | _aIncludes bibliographical references (pages 189-220) and index. | ||
| 651 | 0 |
_aCosta Rica _xHistory _yTo 1821. |
|
| 651 | 0 |
_aCosta Rica _xHistory _y1821-1948. |
|
| 906 |
_a7 _bcbc _corigres _d2 _encip _f20 _gy-gencatlg |
||
| 942 |
_2ddc _c1 _n0 |
||
| 999 |
_c4560 _d4560 |
||